Music Quiz

Random Music or Classical Quiz
Score 0/15 Timer 02:00
0 Plays Today
% Correct
Also Sprach Zarathustra
74.4%
Till Eulenspiegels Lustige Streiche
74%
Don Juan
68.2%
Ein Heldenleben
67.3%
Salome
66.4%
Metamorphosen
65.9%
Horn Concerto No. 1
65.5%
Don Quixote
61.9%
% Correct
Horn Concerto No. 2
61%
Oboe Concerto No. 1
59.2%
Arabella
56.5%
Capriccio
54.7%
Feuersnot
47.5%
Le Bourgeois Gentilhomme
43.5%
Daphne
39%
Remove Ads.
Support Sporcle.
Get the best of Sporcle when you Go Orange. This ad-free experience offers more features, more stats, and more fun while also helping to support Sporcle. Thank you for becoming a member.

You're not logged in!

Compare scores with friends on all Sporcle quizzes.
OR
Log In

Sporcle TV

Today on Sporcle TV


Watch our educational content, quiz creation guides, and fun videos on Sporcle TV.

Show Comments

Extras

Top Quizzes Today


Score Distribution

Paid Content

Your Account Isn't Verified!

In order to create a playlist on Sporcle, you need to verify the email address you used during registration. Go to your Sporcle Settings to finish the process.

Report this User

Report this user for behavior that violates our Community Guidelines.

Details: